000
00249nam a2200121Ia 4500
008
230312s9999||||xx |||||||||||||| ||und||
082
_a
949
_b
HIS
245
0
_a
History of Spain
300
_a
429
546
_a
Eng.
650
_a
Literature
942
_c
BK
999
_c
206
_d
206